Southville International School and Colleges
Your cart is empty.
  • Cart
  • Lists
    Public lists Eva Luna New books Lux_list list_1
    Your lists Log in to create your own lists
  • Log in to your account
  • Your cookies
  • Search history
Southville International School and Colleges
  • Advanced search
  • Recent comments
  • Most popular
  • Libraries

Log in to your account

Log in with GOOGLE


If you do not have an external account, but do have a local account, you can still log in:

  1. Home
  2. MARC view: State of war :
Normal view MARC view ISBD view

State of war : (Record no. 283972)

[ view plain ]
MARC details
000 -LEADER
fixed length control field 00498nam a2200181 a 4500
001 - CONTROL NUMBER
control field ocn9710844520
003 - CONTROL NUMBER IDENTIFIER
control field PILC
005 - DATE AND TIME OF LATEST TRANSACTION
control field 20150513152037.0
008 - FIXED-LENGTH DATA ELEMENTS--GENERAL INFORMATION
fixed length control field 030810s ph 000 0 eng d
020 ## - INTERNATIONAL STANDARD BOOK NUMBER
International Standard Book Number 9710844520
050 00 - LIBRARY OF CONGRESS CALL NUMBER
Classification number PS 9993.R794
Item number .S7 1989
100 1# - MAIN ENTRY--PERSONAL NAME
Personal name Rosca, Ninotchka.
245 10 - TITLE STATEMENT
Title State of war :
Remainder of title a novel /
Statement of responsibility, etc Ninotchka Rosca.
250 ## - EDITION STATEMENT
Edition statement Philippine ed.
260 ## - PUBLICATION, DISTRIBUTION, ETC. (IMPRINT)
Place of publication, distribution, etc Metro Manila :
Name of publisher, distributor, etc National Book Store,
Date of publication, distribution, etc 1989.
300 ## - PHYSICAL DESCRIPTION
Extent 382 pages ;
Dimensions 22 cm.
942 ## - ADDED ENTRY ELEMENTS (KOHA)
Source of classification or shelving scheme Library of Congress Classification
Koha item type Books
Call number prefix Filipininana
Holdings
Withdrawn status Lost status Source of classification or shelving scheme Damaged status Home library Current library Shelving location Date acquired Source of acquisition Sub Shelving location Total Checkouts Full call number Barcode Date last seen Price effective from Koha item type
    Library of Congress Classification   College Library College Library Filipiniana Section 05/13/2015 Library Fund     PS 9993.R794 .S7 1989 C19276 05/08/2018 05/13/2015 Books

State of war :

APA

Rosca N., . (1989). State of war. Metro Manila: National Book Store.

Chicago

Rosca Ninotchka, . 1989. State of war. Metro Manila: National Book Store.

Harvard

Rosca N., . (1989). State of war. Metro Manila: National Book Store.

MLA

Rosca Ninotchka, . State of war. Metro Manila: National Book Store. 1989.

  • Place hold
  • Print
  • Cite
  • Add to your cart (remove)
  • Save record
    BIBTEX Dublin Core MARCXML MARC (non-Unicode/MARC-8) MARC (Unicode/UTF-8) MARC (Unicode/UTF-8, Standard) MODS (XML) RIS
  • More searches
    Search for this title in:
    Other Libraries (WorldCat) Other Databases (Google Scholar) Online Stores (Bookfinder.com) Open Library (openlibrary.org)

Exporting to Dublin Core...

SOUTHVILLE LIBRARY

Southville International School and Colleges Library

1281 Tropical Ave. Cor. Luxembourg St., BF Homes International, Las Pinas City

Tel. No. 8256374 / 252358 Loc. 117/146

Powered by Koha